On the Sociology of Islam. (Record no. 10053)

MARC details
000 -LEADER
fixed length control field 00602nam a2200241 a 4500
020 ## - INTERNATIONAL STANDARD BOOK NUMBER
ISBN 0933782
082 00 - DEWEY DECIMAL CLASSIFICATION NUMBER
Classification number 297.1
Author Cutter SHA
100 ## - MAIN ENTRY--AUTHOR NAME
Author name Shari`at, Ali
245 ## - TITLE STATEMENT
Title On the Sociology of Islam.
260 ## - PUBLICATION, DISTRIBUTION, ETC. (IMPRINT)
Place of publication Aligarh
Name of publisher Crescent Publishing Company,
Year of publication 1979
300 ## - PHYSICAL DESCRIPTION
Number of Pages 125p.
500 ## - GENERAL NOTE
General note includes index and biblioraphy
505 2# - FORMATTED CONTENTS NOTE
Formatted contents note index
650 ## - SUBJECT ADDED ENTRY--TOPICAL TERM
Topical Term Sociology-Islamic
650 ## - SUBJECT ADDED ENTRY--TOPICAL TERM
Topical Term Islam and Sociology
942 ## - ADDED ENTRY ELEMENTS (KOHA)
Koha item type Books
Holdings
Collection code Home library Current library Date acquired Cost, normal purchase price Full call number Accession Number Koha item type
  Henry Martyn Institute Library Henry Martyn Institute Library 05/21/2013 25.00 297.1 SHA 017956 Books
                   Copyright © 2026 | Henry Martyn Institute | Hyderabad | TS-500052 | INDIA | Implemented by hmi.edu.in
Hit-Count:

Powered by Koha